Monjas sevillanas parientas de Cervantes (Record no. 73953)

MARC details
000 -LEADER
campo de control de longitud fija 00790nam a2200217 i 4500
001 - NÚMERO DE CONTROL
campo de control 73953
003 - IDENTIFICADOR DE NÚMERO DE CONTROL
campo de control ES-MaACL
005 - FECHA Y HORA DE LA ÚLTIMA TRANSACCIÓN
campo de control 20251009191456.0
007 - CAMPO FIJO DE DESCRIPCIÓN FÍSICA--INFORMACIÓN GENERAL
campo de control de longitud fija t|
008 - DATOS DE LONGITUD FIJA--INFORMACIÓN GENERAL
campo de control de longitud fija 040914s1915 sp ||||1| spa d
100 1# - ENTRADA PRINCIPAL--NOMBRE DE PERSONA
Nombre de persona González Aurioles, Norberto.
9 (RLIN) 58438
245 10 - MENCIÓN DEL TÍTULO
Título Monjas sevillanas parientas de Cervantes
Resto del título : estudio crítico histórico /
Mención de responsabilidad, etc. Norberto González Aurioles.
260 ## - PUBLICACIÓN, DISTRIBUCIÓN, ETC.
Lugar de publicación, distribución, etc. Madrid :
Nombre del editor, distribuidor, etc. [s.n.],
Fecha de publicación, distribución, etc. 1915 (
Fabricante Imp. de la Viuda de Antonio Alvarez)
300 ## - DESCRIPCIÓN FÍSICA
Extensión 38 p. ;
Dimensiones 19 cm.
600 14 - PUNTO DE ACCESO ADICIONAL DE MATERIA--NOMBRE DE PERSONA
Nombre de persona Cervantes Saavedra, Miguel de,
Fechas asociadas al nombre 1547-1616-
Subdivisión general Familia
9 (RLIN) 37610
600 17 - PUNTO DE ACCESO ADICIONAL DE MATERIA--NOMBRE DE PERSONA
Nombre de persona Juana de Santa María,
Fechas asociadas al nombre fl. 1548-1592
Fuente del encabezamiento o término
9 (RLIN) 157587
600 14 - PUNTO DE ACCESO ADICIONAL DE MATERIA--NOMBRE DE PERSONA
Nombre de persona Julia de Santa Ana.
9 (RLIN) 157588
650 #4 - PUNTO DE ACCESO ADICIONAL DE MATERIA--TÉRMINO DE MATERIA
Término de materia o nombre geográfico como elemento de entrada Religiosas-
Subdivisión geográfica Sevilla.
9 (RLIN) 157589
852 ## - LOCALIZACIÓN
Ubicación ES-MaACL
Número de control de estantería T-1445-F-10
Holdings
Estatus retirado Estado de pérdida Estado de daño No para préstamo Colección Biblioteca de origen Biblioteca actual Ubicación en estantería Fecha de adquisición Fuente de adquisición Total de préstamos Signatura topográfica completa Código de barras Visto por última vez Precio de reemplazo Tipo de ítem Koha
        Colección de folletos Biblioteca del Ateneo de Madrid Biblioteca del Ateneo de Madrid Depósito folletos 17/01/2008     T-1445-F-10 1077409 23/02/2023 23/02/2023 Folleto